00978nam a2200205Ia 4500003000400000005001700004008004100021020001800062040000900080082001800089100002600107245006400133260004700197300000900244942004200253952014600295952015800441952015800599999001500757OSt20200114122536.0190216s9999||||xx |||||||||||||| ||und|| a9788180544217 coclc a657.42bMAH/P aMaheshwari, S N91048 0aProblems And Solutions in Cost Accounting /cS N Maheshwari bSulthan Chand And Sons,c2006.aNew Delhi: a917p cBK2ddch657.42iMAH/Pk657.42mMAH/P 00102ddc40708ACCOUNTINGaMESbMEScACCOUNTINGd2019-02-20g250.00l0o657.42 MAH/Pp30569r2019-02-20 00:00:00t1w2019-02-20yBKzGL56R3 00102ddc40708ACCOUNTINGaMESbMEScACCOUNTINGd2019-02-20g250.00l2o657.42 MAH/Pp30570r2020-01-16 00:00:00s2020-01-14t2w2019-02-20yBKzGL56R3 00102ddc40708ACCOUNTINGaMESbMEScACCOUNTINGd2019-02-20g250.00l1o657.42 MAH/Pp30571r2020-01-20 00:00:00s2020-01-14t3w2019-02-20yBKzGL56R3 c7022d7022